01218naa a22003137a 4500001001000000003000900010005001700019007000300036008003400039040005400073041000800127072000800135090001800143100001800161111008300179245010500262260003600367500010100403650002300504650001200527650001000539650002100549650001600570773010000586909003600686942001400722999001900736952014900755BR7904338BR-BrBNA20240918174421.0ta230509b bl.||||| |||| 00| 0 por d aBR-BrBNAbporcBiblioteca Nacional de Agricultura a(n) aH70 aH70 BR79043381 aKennedy, B.W.1 a1. Latin America Worksho on Seed PathologycLondrina, PR (Brazil)d10 Apr 19771 aThe occurrence of Aspergillus spp. on stored seeds [Fungo; Aspergilose; Produto armazenado; Semente]3 aLondrina, PR (Brasil): c1979.  aSeed pathology, problems and progress Londrina, PR (Brasil): 1979. p. 257-261 (BR7904338-AM)H70  aProduto armazenado aSemente aFungo aDoenca de planta aAspergilose0 tSeed pathology, problems and progressbwH70 BR7904338gLondrina, PR (Brasil), 1979. p. 257-261 a202404bLuciac55dLucia Elande cAM2AGRIS c311102d311102 002AGRIS40708Acervo Gerala41918b41918cAgrobasel0o4100 BR7904304r2024-05-20t01yAM10d2024-04-11ePortaria Interministerial nÂș 164/94